[Event "New Zealand Rapid Championship"]
[Site "Palmerston North"]
[Date "2024.01.12"]
[Round "9.1"]
[White "Jones, Gawain C B"]
[Black "Lee, Miles"]
[Result "1-0"]
[WhiteElo "2630"]
[BlackElo "1938"]

1. Nf3 d5 2. c4 e6 3. g3 Nf6 4. Bg2 Be7 5. O-O O-O 6. b3 d4 7. e3 c5 8. Ne5 Qc7
9. f4 Nfd7 10. Nxd7 Bxd7 11. e4 Nc6 12. d3 f5 13. Nd2 Rae8 14. a3 e5 15. exf5
Bxf5 16. Bd5+ Kh8 17. Ne4 Bd6 18. Nxd6 Qxd6 19. fxe5 Nxe5 20. Bf4 Qg6 21. Bxe5
Rxe5 22. Bxb7 Rfe8 23. Qf3 h6 24. Bd5 h5 25. Qf2 h4 26. Rae1 Rxe1 27. Rxe1
Rxe1+ 28. Qxe1 hxg3 29. hxg3 Bxd3 30. b4 Bf5 31. bxc5 d3 32. Kf2 Qh5 33. Qh1
Bh3 34. Qf3 Qg6 35. Qf8+ Kh7 36. Qg8+ Kh6 37. Qh8+ Qh7 38. Qxh7+ Kxh7 39. Be4+
Kg8 40. Bxd3 Kf7 41. Ke3 Ke6 42. Kd4 Bg2 43. Be4 Bf1 44. Bd5+ Kd7 45. Ke5 Bh3
46. Kf4 Bf1 47. Kf5 Bd3+ 48. Be4 Bxc4 49. Kg6 Be2 50. Bd5 Bg4 51. Kxg7 Ke7 52.
Kg6 Be2 53. Kg5 Bd3 54. g4 Bb5 55. Kh6 Kf8 56. g5 Bd3 57. g6 Bxg6 58. Kxg6 Ke7
59. c6 Kd6 60. Kf6 Kc7 61. Ke7 Kc8 62. Kd6 Kd8 63. c7+ Kc8 64. Kc6 a5 65. Be6#
1-0

[Event "New Zealand Rapid Championship"]
[Site "Palmerston North"]
[Date "2024.01.12"]
[Round "9.2"]
[White "Dive, Russell J"]
[Black "Liu, William Rui"]
[Result "1-0"]
[WhiteElo "2236"]
[BlackElo "1910"]

1. Nf3 d5 2. c4 c6 3. b3 Nf6 4. Bb2 Nbd7 5. g3 e6 6. Bg2 Bd6 7. d4 O-O 8. O-O
b6 9. Nbd2 Bb7 10. Qc2 Rc8 11. e4 dxe4 12. Nxe4 Nxe4 13. Qxe4 Nf6 14. Qh4 c5
15. dxc5 Bxc5 16. Ng5 h6 17. Nxe6 fxe6 18. Bxb7 Rc7 19. Bg2 Qe7 20. Rae1 Rd7
21. Re2 Rfd8 22. Bh3 Rd2 23. Rxe6 Qb7 24. Bg2 Qd7 25. Rxf6 Rxb2 26. Bd5+ Kh7
27. Rf7 Qe8 28. b4 Rxd5 29. bxc5 Qxf7 30. cxd5 Qxd5 31. cxb6 axb6 32. a4 Rd2
33. Qb4 Rd1 34. Rxd1 Qxd1+ 35. Kg2 Qd5+ 36. f3 Qe6 37. Qe4+ Qxe4 38. fxe4 Kg6
39. Kf3 Kf6 40. Kf4 Ke6 41. h4 Kf6 42. h5 Ke6 43. e5 Ke7 44. Kf5 1-0

[Event "New Zealand Rapid Championship"]
[Site "Palmerston North"]
[Date "2024.01.12"]
[Round "9.3"]
[White "Smith, Robert W"]
[Black "Ker, Anthony F"]
[Result "0-1"]
[WhiteElo "2132"]
[BlackElo "2250"]

1. d4 Nf6 2. Bf4 e6 3. e3 b6 4. Nf3 Bb7 5. Nbd2 Be7 6. h3 O-O 7. Be2 c5 8. c3
d6 9. O-O cxd4 10. exd4 Nbd7 11. Bh2 Re8 12. Re1 Bf8 13. Bc4 Qc7 14. a4 a6 15.
Qb3 h6 16. Rad1 Rac8 17. Bd3 Qc6 18. Ne4 Nxe4 19. Bxe4 Qc7 20. Bxb7 Qxb7 21.
Bg3 Nf6 22. Nd2 Qc6 23. f3 b5 24. axb5 axb5 25. Ra1 Ra8 26. Kh1 Nd5 27. Nf1 Nb6
28. Nd2 Nc4 29. Qc2 d5 30. b3 Nb6 31. Qd3 Rec8 32. Rxa8 Rxa8 33. Rc1 Ra3 34.
Qc2 Qa8 35. Rb1 Ra2 36. Rb2 Ra1+ 37. Kh2 Qc6 38. Qd3 Bd6 39. f4 Qc7 40. Qf3 Rc1
41. c4 bxc4 42. bxc4 Nxc4 43. Nxc4 Rxc4 44. Rd2 Rc3 45. Qf1 g5 46. Rf2 Qb8 47.
Rf3 Qb3 48. fxg5 Rxf3 49. Qxf3 Qxf3 50. gxf3 Bxg3+ 51. Kxg3 hxg5 52. f4 gxf4+
53. Kxf4 f6 54. Kg4 Kg7 55. Kh5 e5 56. Kg4 Kg6 57. h4 f5+ 58. Kf3 e4+ 0-1

[Event "New Zealand Rapid Championship"]
[Site "Palmerston North"]
[Date "2024.01.12"]
[Round "9.4"]
[White "Sole, Michael D"]
[Black "Croad, Nicolas"]
[Result "1/2-1/2"]
[WhiteElo "1908"]
[BlackElo "2187"]

1. d4 Nf6 2. c4 e6 3. g3 Bb4+ 4. Bd2 Be7 5. Bg2 d5 6. Nf3 O-O 7. Bc3 Ne4 8.
Nbd2 Nxc3 9. bxc3 Nd7 10. Qc2 c5 11. e4 cxd4 12. cxd4 dxc4 13. O-O Nb6 14. a4
a5 15. Nxc4 Bd7 16. Nfe5 Nxc4 17. Qxc4 Rc8 18. Qb3 Bb4 19. Rac1 b5 20. Rxc8
Qxc8 21. Nxd7 Qxd7 22. axb5 Qxd4 23. Rd1 Qb6 24. Qc4 Bc5 25. Rd2 e5 26. Bf1 g6
27. Qd5 Bd4 28. Qc6 Qa7 29. Qa6 Qc7 30. Qc6 Qe7 31. Ra2 Qd8 32. Bc4 Bb6 33. Qd5
Qc7 34. Qc6 Qa7 35. Bd5 Kg7 36. h4 h5 37. Qb7 Qxb7 38. Bxb7 1/2-1/2

[Event "New Zealand Rapid Championship"]
[Site "Palmerston North"]
[Date "2024.01.12"]
[Round "9.5"]
[White "Steadman, Michael V R"]
[Black "Timergazi, Layla"]
[Result "1-0"]
[WhiteElo "2045"]
[BlackElo "1969"]

1. e4 c6 2. d4 d5 3. f3 e6 4. e5 c5 5. c3 Nc6 6. Be3 h5 7. f4 g6 8. dxc5 Nh6 9.
Nf3 Nf5 10. Bf2 Bh6 11. g3 f6 12. Bb5 O-O 13. exf6 Qxf6 14. O-O g5 15. fxg5
Bxg5 16. Nxg5 Qxg5 17. Qd2 Qg6 18. c4 Nh4 19. Qe2 e5 20. cxd5 Bh3 21. dxc6 Nf3+
22. Kh1 Bxf1 23. Qxf1 bxc6 24. Bc4+ Kh8 25. Qg2 Rad8 26. Nc3 Rd2 27. Rf1 Ne1
28. Bxe1 Rxg2 29. Rxf8+ Kh7 30. Kxg2 Qc2+ 31. Rf2 Qg6 32. Bb3 Qg4 33. Bc2+ Kg7
34. Ne4 h4 35. Bc3 h3+ 36. Kf1 Qe6 37. b3 Qd5 38. Rf5 Kg6 39. Rxe5 Qf7+ 40.
Nf2+ 1-0

[Event "New Zealand Rapid Championship"]
[Site "Palmerston North"]
[Date "2024.01.12"]
[Round "9.6"]
[White "Chapman, Matt"]
[Black "Fruebing, Stefan"]
[Result "0-1"]
[WhiteElo "1890"]
[BlackElo "2410"]

1. d4 d5 2. Bf4 Nf6 3. e3 c5 4. Nf3 Nc6 5. Nbd2 e6 6. c3 Bd6 7. dxc5 Bxc5 8.
Bb5 O-O 9. Qe2 Qb6 10. O-O a6 11. Bxc6 bxc6 12. b4 Be7 13. Nb3 a5 14. bxa5 Qa7
15. Rfd1 Ba6 16. Qc2 c5 17. Ne5 Rfc8 18. h3 c4 19. Nd4 Qc5 20. f3 Bf8 21. Qa4
Bb7 22. Nd7 Nxd7 23. Qxd7 Bc6 24. Nxc6 Qxc6 25. Qxc6 Rxc6 26. Rdb1 Rxa5 27. Rb8
f6 28. e4 Kf7 29. Kf2 Rca6 30. Rb2 Ra3 31. exd5 exd5 32. Rc2 Bc5+ 33. Be3 Bd6
34. Bd4 Be5 35. Ke3 Re6 36. f4 Bd6+ 37. Kf3 Re4 38. Be3 f5 39. Rd1 Ke6 40. g3
g6 41. Bf2 Bb4 42. Bd4 Kd6 43. Be5+ Kc6 44. Kf2 Bc5+ 45. Kg2 Re3 46. h4 h5 47.
Rdd2 Re1 48. Kf3 Rf1+ 49. Kg2 Rg1+ 50. Kf3 Ra1 51. Kg2 Be3 52. Re2 Bc5 53. Red2
Bd6 54. Bxd6 Kxd6 55. Kf3 Kc5 56. Ke2 Rb1 57. Kf3 d4 58. Rxd4 Rxc3+ 59. Rxc3
Kxd4 60. Re3 c3 61. Re2 Rb2 62. Re8 Rxa2 63. Rd8+ Kc4 64. Ke3 Rg2 65. Kf3 Ra2
66. Ke3 Kb3 67. Kd3 Rd2+ 0-1

[Event "New Zealand Rapid Championship"]
[Site "Palmerston North"]
[Date "2024.01.12"]
[Round "9.7"]
[White "Hettiarachchi, Buthsara"]
[Black "Hart, Ralph"]
[Result "0-1"]
[WhiteElo "1522"]
[BlackElo "2154"]

1. e4 Nc6 2. d4 e5 3. d5 Nce7 4. Nf3 Ng6 5. c4 Nf6 6. Nc3 Bc5 7. Bd3 O-O 8. Be3
d6 9. Qd2 Qe7 10. Bg5 a5 11. O-O h6 12. Be3 Nh5 13. Bxc5 dxc5 14. g3 Nf6 15.
Rfc1 Ne8 16. Nb5 Bd7 17. a4 Bxb5 18. cxb5 b6 19. Ne1 Nd6 20. b3 Qd7 21. Ng2
Rae8 22. Re1 Qh3 23. Bf1 Qg4 24. Bd3 Qg5 25. Qxg5 hxg5 26. g4 Rd8 27. Rad1 f6
28. f3 Kf7 29. Kf2 Rh8 30. Rh1 Rh3 31. Be2 Rdh8 32. Kg1 Ke7 33. Rf1 Nf7 34. Re1
Nd6 35. Rf1 R8h7 36. Rf2 Nf7 37. Rf1 Kd6 38. Bc4 Nf4 39. Nxf4 exf4 40. Be2 Ke5
41. Rd1 Nd6 42. Kg2 Rh8 43. Rd2 g6 44. Rdd1 f5 45. exf5 gxf5 46. gxf5 Nxf5 47.
Rd2 Ne3+ 48. Kg1 R8h6 49. Rd3 Rh8 50. Rd2 Nf5 51. Kg2 Ng3 52. hxg3 Rxh1 53.
gxf4+ gxf4 54. Rd1 R8h2# 0-1

[Event "New Zealand Rapid Championship"]
[Site "Palmerston North"]
[Date "2024.01.12"]
[Round "9.8"]
[White "Malcolm, Leo"]
[Black "Archer, Ollie"]
[Result "0-1"]
[WhiteElo "1659"]
[BlackElo "1926"]

1. e4 c6 2. d4 d5 3. exd5 cxd5 4. c4 Nf6 5. Nc3 Nc6 6. Nf3 Be6 7. c5 g6 8. h3
Bg7 9. Bf4 O-O 10. Bb5 Ne4 11. Bxc6 bxc6 12. Qc2 Bf5 13. g4 Nxc3 14. Qxc3 Be4
15. Rd1 Re8 16. O-O Bxf3 17. Qxf3 e5 18. dxe5 Bxe5 19. Bxe5 Rxe5 20. Rd3 Qe7
21. Re3 Rxe3 22. Qxe3 Qxe3 23. fxe3 Rb8 24. b3 Rb5 25. Rc1 Kg7 26. Kf2 Kf6 27.
Ke2 Ke5 28. Kd3 a5 29. Rc2 a4 30. Rc3 axb3 31. axb3 Rb4 32. Ke2 Ke4 33. Kf2 f5
34. gxf5 gxf5 35. Ke2 Ke5 36. Kf3 Ke6 37. Kg3 Kd7 38. Kf3 Kc7 39. Rc1 Rxb3 40.
Kf4 Kb7 41. Rg1 Rb4+ 42. Ke5 Ka6 43. Rg7 Rh4 44. Kd6 Rh6+ 45. Kc7 Kb5 0-1

[Event "New Zealand Rapid Championship"]
[Site "Palmerston North"]
[Date "2024.01.12"]
[Round "9.9"]
[White "Zhang, Kendrick Botong"]
[Black "Dare, Richard J"]
[Result "0-1"]
[WhiteElo "1808"]
[BlackElo "1803"]

1. e4 c6 2. d4 d5 3. e5 Bf5 4. Nd2 e6 5. Nb3 Qc7 6. Nf3 a5 7. a4 Bg4 8. h3 Bxf3
9. Qxf3 c5 10. Qg3 c4 11. Nd2 Nc6 12. c3 Nge7 13. f4 Nf5 14. Qf2 h5 15. g3
O-O-O 16. Nf3 Be7 17. Bg2 h4 18. g4 Ng3 19. Rg1 f6 20. exf6 Ne4 21. fxe7 Nxf2
22. exd8=Q+ Qxd8 23. Kxf2 Qb6 24. Re1 Nd8 25. Re2 Nf7 26. Ne5 Nxe5 27. Rxe5 Rf8
28. Bf3 Kd7 29. g5 Rf5 30. Rxf5 exf5 31. Bxd5 Qb3 32. Bf3 Qc2+ 33. Be2 Kd6 34.
Ke1 Kd5 35. Bf3+ Kd6 36. Bd2 Qxb2 37. Rc1 b5 38. axb5 Qxb5 39. Bd1 Qd5 40. Be2
Qh1+ 41. Bf1 Kc6 42. Kf2 Qh2+ 43. Bg2+ Kb6 44. Rb1+ Ka6 45. Rb2 Qg3+ 46. Kg1 a4
47. d5 Qd3 48. Kf2 Qg3+ 49. Kg1 Ka5 50. d6 Qd3 51. d7 Qxd7 52. Be3 a3 53. Ra2
Qd1+ 54. Kh2 Qb3 55. Ra1 Qxc3 56. Bd2 Qxd2 57. Rxa3+ Kb4 58. Ra8 Qxf4+ 59. Kg1
Qxg5 60. Rb8+ Kc3 61. Rc8 Qe3+ 62. Kh1 f4 63. Bf1 Qf3+ 64. Kg1 Qg3+ 65. Kh1
Qf3+ 66. Kg1 Qd5 67. Kh2 f3 68. Kg1 Qd4+ 69. Kh1 Qe4 70. Ra8 Qxa8 71. Kh2 Qa2+
72. Kh1 Qf2 73. Bxc4 Qg2# 0-1

[Event "New Zealand Rapid Championship"]
[Site "Palmerston North"]
[Date "2024.01.12"]
[Round "9.10"]
[White "Fulo, Nunilon III"]
[Black "McDougall, Euan"]
[Result "1-0"]
[WhiteElo "1992"]
[BlackElo "1685"]

1. e4 e6 2. d4 d5 3. Nc3 dxe4 4. Nxe4 Nf6 5. Nxf6+ Qxf6 6. Nf3 h6 7. Bd3 Nc6 8.
c3 Bd7 9. Qe2 g5 10. h4 g4 11. Ne5 Nxe5 12. dxe5 Qg7 13. Bf4 h5 14. Be4 O-O-O
15. O-O-O f5 16. exf6 Qxf6 17. Be5 Qh6+ 18. Kb1 Bg7 19. Bg3 e5 20. Rxd7 Kxd7
21. Bf5+ Ke7 22. Bxe5 Kf8 23. Bxc7 Qf6 24. Bxd8 Qxf5+ 25. Ka1 Kg8 26. Re1 Kh7
27. Bg5 Rf8 28. Be3 Qd5 29. Qc2+ Kh8 30. Qg6 Rd8 31. a3 Qb3 32. Qxh5+ Kg8 33.
Qxg4 Kh8 34. Bd4 Bxd4 35. Qh5+ Kg8 36. Qg5+ Kh7 37. Qxd8 Bxc3 38. Qd3+ 1-0